Os cem melhores contos brasileiros do século (Record no. 58678)

MARC details
000 -LÍDER
campo de controle de tamanho fixo 00394 a2200157 4500
001 - NÚMERO DE CONTROLE
campo de controle 58678
020 ## - ISBN - INTERNATIONAL STANDARD BOOK NUMBER
ISBN - International Standard Book Number 8573023066
040 ## - FONTE DA CATALOGAÇÃO
Instituição que transcreveu o registro Anchieta - Pituba
100 ## - ENTRADA PRINCIPAL--NOME PESSOAL
Nome pessoal Lispector, Clarice
240 10 - TÍTULO UNIFORME
Título uniforme Os cem melhores contos brasileiros do século
Idioma da obra por
245 10 - TÍTULO
Título Os cem melhores contos brasileiros do século
300 ## - DESCRIÇÃO FÍSICA
Extensão 618
362 0# - DATAS DE PUBLICAÇÃO E/OU DESIGNAÇÃO SEQUENCIAL
Datas de publicação e/ou designação sequencial 2001
650 #4 - ASSUNTO--TERMO TÓPICO
Cabeçalho tópico ou nome geográfico Ficção brasileira
942 ## - ELEMENTOS DE ENTRADA ADICIONADOS (KOHA)
Tipo de material Koha Livros
Holdings
Situação do descarte Situação das perdas Situação física Não pode ser emprestado Biblioteca de origem Biblioteca atual Data de aquisição Total de empréstimos Número de chamada completo Código de barras Data de último acesso Data do preço efetivo Tipo de material Koha
        Colégio Anchieta - Pituba Colégio Anchieta - Pituba 21/11/2023   869.93 C394c CEM 9406/PIT 21/11/2023 21/11/2023 Livros